Hľadá sa svetový dopyt

Recesia v Nemecku a Japonsku ohrozuje globálnu ekonomickú stabilitu. Na dosiahnutie rovnováhy je potrebný rast úhrnného celosvetového dopytu.

Gespeichert in:
Bibliographische Detailangaben
1. Verfasser: DeLong, J. Bradford
Format: Buchkapitel
Sprache:Slowakisch
Schlagworte:
Tags: Tag hinzufügen
Keine Tags, Fügen Sie das erste Tag hinzu!

MARC

LEADER 00000naa$a2200000$$$4500
001 0026602
005 20231004125933.8
041 0 |a slo 
044 |a SK 
245 1 0 |a Hľadá sa svetový dopyt  |c J. Bradford DeLong 
520 |a Recesia v Nemecku a Japonsku ohrozuje globálnu ekonomickú stabilitu. Na dosiahnutie rovnováhy je potrebný rast úhrnného celosvetového dopytu. 
610 2 0 |a Nemecko 
610 2 0 |a Japonsko 
610 2 0 |a recesia 
610 2 0 |a produkcia 
610 2 0 |a dopyt 
610 2 0 |a hospodárstvo svetové 
610 2 0 |a rovnováha hospodárska 
610 2 0 |a rast hospodársky 
100 1 |a DeLong, J. Bradford